000 00958nas a2200265 4500
001 BR8706241
003 BR-BrBNA
005 20231205090842.0
007 ta
008 230509b bl.|||p| |||| 00| 00por d
040 _aBR-BrBNA
_bpor
_cBiblioteca Nacional de Agricultura
041 _a(Pt)
072 _aF50
100 1 _aCorrales, F.M.
100 1 _aMantovani, W.
100 1 _aCatharino, E.L.M.
245 1 _aEstudos preliminares da biologia floral de Chrysophyllum auratum Miq. (Sapotaceae)em Piracicaba, Estado de Sao Paulo
246 1 _aPreliminary studies of floral biology of Chrysophyllum auratum Miq. (Sapotaceae)in Piracicaba, state of Sao Paulo
650 _aMAPARAJUBA
650 _aBIOLOGIA VEGETAL
650 _aSAO PAULO
773 0 _tAnais da Escola Superior de Agricultura Luiz de Queiroz (Brazil)
_xISSN 0071-1276
_g(1986), v. 43(1) p. 147-157
_wBR8706241
909 _a202311
_bLúcia
_c55
_dLúcia Elande
942 _2AGRIS
_n0
_cANA
999 _c121248
_d121248